| 000 | 00479nam a22001817a 4500 | ||
|---|---|---|---|
| 003 | OSt | ||
| 005 | 20250723171542.0 | ||
| 008 | 250723b |||||||| |||| 00| 0 eng d | ||
| 020 | _a0030053137 | ||
| 040 | _cChuka University Library | ||
| 050 | _aMT 10 .H74 1988. | ||
| 100 |
_aHolt, Rinehart. _920404 |
||
| 245 | _aBiographies. | ||
| 260 |
_aUSA _bHolt, Rinehart and Winston Publishers _c1998 |
||
| 300 | _a16p. | ||
| 650 |
_a1.Music Biographies. _920450 |
||
| 942 |
_2lcc _cBK _n0 |
||
| 999 |
_c19929 _d19929 |
||